00329nam a2200133Ia 4500008004100000020001500041041001200056082001600068100001400084245004400098260002900142300000800171650001600179221030s9999 xx 000 0 und d a8187522631 aEnglish a105.23bBan aR. Bangia 0aLearning Power Point 2000cby R. Bangia bKhanna Pub.aDelhic2000 a152 aBE Computer